000 00462cam a22001812 4500
001 0000004723
005 20151217155825.0
008 070528s xx 000 0 eng d
040 _aKABU
_cKABU
050 0 _aQL337
_b.K4B43
100 1 _aBeaton, K. de P.
_@0000155460
245 1 2 _aA Warden's diary.
260 _aNairobi :
_bEAS,
_c1949.
300 _a114 p.
908 _a070528
950 _@1
999 _c12912
_d12912